Qué es el desarrollo económico /
Guardado en:
| Autor Principal: | |
|---|---|
| Formato: | Libro |
| Publicado: |
Buenos Aires :
Siglo Veinte,
1968
|
| Materias: | |
| Etiquetas: |
Agregar Etiqueta
Sin Etiquetas, Sea el primero en etiquetar este registro!
|
| LEADER | 00691nam a22001935a 4500 | ||
|---|---|---|---|
| 001 | CEM.cems004615 | ||
| 005 | 20060217000000.0 | ||
| 008 | 130507s1968##################000#0#####d | ||
| 003 | CEMS | ||
| 082 | 0 | 4 | |a 338.9 |
| 100 | 1 | |a Naciones Unidas | |
| 245 | 1 | 0 | |a Qué es el desarrollo económico / |
| 260 | |a Buenos Aires : |b Siglo Veinte, |c 1968 | ||
| 300 | |a 156 p. | ||
| 505 | 0 | |a Naciónalismo, ideologia y Estado; Desarrollo y libertad; Valores naciónales, desarrollo y liderazgo; Desarrollo y liderazgo intelectual | |
| 653 | |a Desarrollo economico | ||
| 653 | |a Desarrollo economico y gobiern | ||
| 653 | |a Desarrollo economico-org. inte | ||
| 859 | |a CEMS |b BIB. CEMS - 11 de abril |h 338.9 |i N113 |p 2903.74 |t Ej.1 | ||
